|
|
|
|
| LEADER |
01182nam a2200349 4500 |
| 001 |
DLU030024785 |
| 005 |
##19971009205552.7 |
| 008 |
##960426s1997 njua 001 0 eng |
| 010 |
# |
# |
|a 96021435
|
| 020 |
# |
# |
|a 0134001443 (alk. paper)
|
| 035 |
# |
# |
|9 (DLC) 96021435
|
| 040 |
# |
# |
|a DLC
|c DLC
|d DLC
|d WaU
|
| 050 |
# |
# |
|a QP36
|b .M42 1997
|
| 082 |
# |
# |
|a 612
|b MA-F
|
| 100 |
# |
# |
|a Martini, Frederic.
|
| 245 |
# |
# |
|a Essentials of anatomy & physiology /
|c Frederic H. Martini, Edwin F. Bartholomew ; with William C. Ober, art coordinator and illustrator, Claire W. Garrison, illustrator, Kathleen Welch, clinical consultant, Ralph T. Hutchings, biomedical photographer.
|
| 246 |
# |
# |
|a Essentials of anatomy and physiology
|
| 260 |
# |
# |
|a Upper Saddle River, N.J. :
|b Prentice Hall,
|c c1997.
|
| 300 |
# |
# |
|a 1 v. (various pagings) :
|b col. ill. ;
|c 29 cm.
|
| 500 |
# |
# |
|a Includes index.
|
| 650 |
# |
# |
|a Human anatomy.
|
| 650 |
# |
# |
|a Human physiology.
|
| 700 |
# |
# |
|a Bartholomew, Edwin F.
|
| 992 |
# |
# |
|a 0
|
| 994 |
# |
# |
|a DLU
|
| 900 |
# |
# |
|a True
|
| 911 |
# |
# |
|a Lê Thị Mạnh Xuân
|
| 925 |
# |
# |
|a G
|
| 926 |
# |
# |
|a A
|
| 927 |
# |
# |
|a SH
|
| 980 |
# |
# |
|a Thư viện Trường Đại học Đà Lạt
|